Statistics for All FNaF World Enemies

Click here to take the quiz!

General Stats

  • This quiz has been taken 191 times
    (80 since last reset)
  • The average score is 26 of 68

Answer Stats

HintAnswer% Correct
FNaF WorldSecurity
68%
FNaF World HESecurity
68%
FNaF WorldBouncepot
56%
FNaF WorldAuto Chipper
52%
FNaF World HEBrow Boy
52%
FNaF WorldBrowboy
52%
FNaF WorldPorkpatch
52%
FNaF World HETangle
52%
FNaF WorldTangle
52%
FNaF WorldBubba
50%
FNaF WorldDogfight
50%
FNaF WorldGearrat
48%
FNaF World HERedbear
48%
FNaF WorldRedbear
48%
FNaF WorldWhite Rabbit
48%
FNaF WorldBeartrap
46%
FNaF WorldChipper's Revenge
44%
FNaF WorldFlan
44%
FNaF WorldSnowcone
44%
FNaF World HEBall Boy
42%
FNaF WorldBallboy
42%
FNaF WorldChica's Magic Rainbow
42%
FNaF WorldGold Endo
42%
FNaF WorldGoldmine
42%
FNaF World HEMad Endo
42%
FNaF WorldMad Endo
42%
FNaF WorldOverclock
42%
FNaF WorldSeagoon
42%
FNaF WorldAnimdude
40%
FNaF WorldBouncer
40%
FNaF WorldMechrab
40%
FNaF WorldChop 'N Roll
38%
FNaF WorldGraveweed
38%
FNaF World HEPrototype
38%
FNaF WorldPrototype
38%
FNaF WorldBlacktrap
36%
FNaF WorldChillax
36%
FNaF WorldMeringue
36%
FNaF WorldQuarry
36%
FNaF WorldSupergoon
36%
FNaF WorldTotemole
36%
FNaF WorldBoxbyte
34%
FNaF WorldCrabapple
34%
FNaF World HEPurplegeist
34%
FNaF WorldPurpleGeist
34%
FNaF WorldSeaweed
34%
FNaF World_!2222 (Glitch Enemy 2)
32%
FNaF WorldColossal
32%
FNaF WorldRot
32%
FNaF WorldEyesore
28%
FNaF WorldJangle
28%
FNaF WorldMetalman
28%
FNaF WorldNeon
28%
FNaF WorldP. Goon
28%
FNaF World HEXangle
28%
FNaF World HEAnchovy
26%
FNaF World HECheesehead
26%
FNaF World HEMini-P
26%
FNaF World HEMudpie
26%
FNaF World HEParty Hat A
26%
FNaF World%_^^&( (Glitch Enemy 1)
24%
FNaF World>>>>>> (Glitch Enemy 3)
24%
FNaF World HEHalf-Bake
24%
FNaF World HEMadjack
24%
FNaF WorldTombstack
24%
FNaF World HEBig Jack
22%
FNaF World HEParty Hat B
20%
FNaF World HEQuad Endo
18%

Score Distribution

Percentile by Number Answered

Percent of People with Each Score

Your Score History

You have not taken this quiz since the last reset